[Geometry Dash] All Gauntlets 15.11.25 - Statistics

General Stats
  • This quiz has been taken 16 times
  • The average score is 36 of 210
Answer Stats
Gauntlet Creator Level % Correct
Fire Nicki1202 OuterSpace
80%
Fire RadiationV2 Magmatic Sanctuary
70%
Demon Serponge HeLL
60%
Demon Tongii Mechanical Showdown
60%
Demon ChaSe Sidestep
60%
Crystal G4lvatron Lustre
50%
Monster Danzmen OMG ALIENS
50%
Monster rafer SLAM
50%
Poison UsernameDefault Acid Factory
40%
Ice Berkoo Amplification
40%
Chaos Adiale Anubis
40%
Poison God of Music Beast Mode Full
40%
NCS I connot BUSSIN
40%
Castle Serponge CastleMania
40%
Bonus SirHadoken Chambers
40%
Split bli Change of Scene
40%
Bonus izhar Crazy Ball
40%
Lava Sumsar Fire Aura
40%
Poison ArathhSA Generation Retro
40%
Death DesTicY Ghoul
40%
Castle JamAttack GLORIOUS FORTRESS
40%
Lava DzRAS ichor
40%
Chaos Glittershroom Kappaclysm
40%
Chaos Insendium Scarlet Surge
40%
Fire Danolex Shock
40%
Demon Ferdefunky Traction
40%
Space vegtam Abducted
30%
Space kira9999 Alien Dream Emulator
30%
Cosmos chunlv1 Aperture
30%
Forest Arclia Astralith
30%
Bonus Tongii Battletown
30%
NCS I Grax BER ZER KER
30%
Galaxy RoyalP Caput Mundi
30%
Castle Subwoofer CRUSH
30%
Chaos alkali dark drop
30%
Cursed FunnyGame Death Moon
30%
World Danzmen Down Unda
30%
Doom haoN Extinction
30%
Cosmos bli Final Orbit
30%
Fire Stamina First Race
30%
Poison DorSha Ground Zero
30%
NCS II meeloz I See Stars
30%
Cursed VoxiCat iSpyWithMyLittleEye
30%
NCS II CHRAPIVA MAGISTRO
30%
NCS I Arclia Next Cab Soon
30%
Strange Jayuff Odd
30%
Space djudjeito Out of Place
30%
Fire Fault Overture
30%
Ice CreatorFreeze Polihedral
30%
Universe TroxxP1 Ruta del Sol
30%
Strange vrymer sha
30%
NCS II Whirl Slasher
30%
Shadow Serponge Spooky Light
30%
Cosmos Lyal The Beyond
30%
Demon schady Vibration
30%
Portal TMNGaming WhyMeWhyMeWhyMeWhyMe
30%
Portal Knots Azimuth
20%
Portal xXLOCOXx Between Worlds
20%
Universe Inex BISMARCK
20%
Halloween bli boo
20%
Halloween DeeperSpace ClownParty
20%
Doom AbstractDark Darkness Keeper
20%
Spike Dashtrict Desert Bounce
20%
Chaos Danolex Drippy Dub
20%
Galaxy Jghost Fizzy Fossils
20%
Lava God of Music Frontline Full
20%
Shadow izhar GhostTown
20%
Time Hyenada Half Past Twelve
20%
Lava SUOMI Infernal Arena
20%
Inferno rafer in Silico
20%
Space Debihan Jova
20%
Cosmos empsea Kisaragi
20%
Universe LaserSword33 Lutetia
20%
Time Darwin Mind Control
20%
Monster MrKoolTrix Monster Mischief
20%
Force TamaN Motion
20%
NCS II F5night Neozenith
20%
World NeonDusk Nivel
20%
Doom Darwin Nowise
20%
Water Serponge Ocean Rush
20%
Universe R4NGER PABRIK
20%
Bonus TheRM22 Payload
20%
NCS I Debihan Quebrantar
20%
Time TheDevon Rose
20%
Portal Xender Game Shards of Siberia
20%
Poison schady Shrimp
20%
Castle rafer Sky Tower
20%
Water Puueds Soar
20%
Cosmos DesTicY Spacetime Continuum
20%
Spooky Unzor Spoopier
20%
Halloween Unzor Spoopy
20%
Space Glubfuberz Stardust Sanctuary
20%
Split DangerKat Subdivision Zone
20%
Water Subwoofer Submerged
20%
Inferno talia Tabasco
20%
NCS I vegtam The Incinerator
20%
Strange kira9999 The Poolrooms
20%
Time SirHadoken Timeless
20%
Water OliSW Trek
20%
Spike GeoSlam1 Victim
20%
NCS II kira9999 WANNACRY
20%
Split Thomartin Wild Card
20%
Mystery iITesseractIi 3rd 3y3
10%
Inferno Wav Ablaze
10%
Death f3lixsram Adust
10%
Magic Skitten Aquarius
10%
Universe Seokso Asadal
10%
Treasure MiraCatsy Avarinth
10%
Doom f3lixsram Buried Angel
10%
Inferno R3XX3R Burn
10%
Water Danke CALYPSO BLITZ
10%
Ice IlhamAulia Carnation
10%
Crystal ChaSe Crystal Essence
10%
Crystal CastriX Crystal fusion
10%
Lava GD Jose Danger Zone
10%
Magic ViPriN Empyrean
10%
Haunted bli fall apart
10%
Shadow GD Jose Fear zone
10%
World AbstractDark Frostburn Peak
10%
Ice mikeymonke GeoBound
10%
Cyborg Knots getHappier
10%
World Whirl Great White North
10%
Discord Subwoofer Growing Insane
10%
Monster ChaSe HellGate Menace
10%
Forest Howler Honeydew
10%
Cursed Danke Im Dead
10%
Inferno Codex Inferno
10%
Shadow schady Infusion
10%
Galaxy Woom Koenigstein
10%
Christmas Unzor Les Go 2
10%
Magic ViPriN Odyssey
10%
Shadow Hyenada Ominous
10%
Spooky BrokenMusicBox Parsnip
10%
Forest Ghotstav Petal Patch
10%
World Arb PLANET X
10%
Spike GD Jose Powerful
10%
Crystal SirHadoken Prismarine
10%
Discord Knots Radiant Glen
10%
Bonus Aldei Rising
10%
Crystal AbstractDark Sanctuary of Light
10%
Magic BranSilver Schade
10%
Split AbstractDark Seasonal Haven
10%
Mystery flash Self Reflect
10%
Time BranSilver Silence
10%
Split Whirl Sinless Ash
10%
Discord DeniPol Snow flies in Fog
10%
Castle Empika Still Life
10%
Death JacobROso The Behemoth
10%
Haunted Pipenachho The Diablo
10%
Spooky PepeTheGod Trip or Treat
10%
Portal xenoteric Tsuretette
10%
Forest ZeroSR Twenty Four
10%
Mystery Serponge Under
10%
Strange Presta UNDERWORLD
10%
Christmas Debihan Winter Works
10%
Galaxy Mangosteen Xanadu
10%
Galaxy Magpipe Xin Chao
10%
Treasure Wilz zone pirate v
10%
Cyborg scrumpy 3NINE
0%
Discord nasgubb Afterlife
0%
Cyborg Splinter25 Assembly line
0%
Treasure TheTechniTeam Baelfire
0%
Strange fungifity b spr9s0
0%
Mystery R3XX3R CONTROL
0%
Gem Knots Crystal Corridor
0%
Cursed RehanZ Deathstep III
0%
Christmas logiking DELUXE
0%
Spooky J735 Devils Tombyard
0%
Power DangerKat Digital Glitch
0%
Discord GirlyAle02 Double Dimension
0%
Fantasy DHaner Dreamy
0%
Mystery NinKaz Empty Space
0%
Force alkali expansion
0%
Christmas rafer Flight II
0%
Treasure J735 Floodfall Caverns
0%
Gem Lyriaki Golem
0%
Haunted PixelLolka Great Asset
0%
Spooky Nikce Hydrux
0%
Fantasy Zhak In Deepestiner
0%
Magic Thomartin kalaxian
0%
Cursed TroxxP1 Last Abyss
0%
Forest R3XX3R lost in the woods
0%
Fantasy GirlyAle02 Magic Valley
0%
Monster haoN Mechanism
0%
Force BranSilver Metal Magic
0%
Cyborg TheDevon Mission 01
0%
Haunted EnZore Not a Phobia
0%
Power Subwoofer Perpetual Motion
0%
Death Samoht Predator
0%
Force rafer Propane Nightmares
0%
Spike Torch121 Pureland
0%
Cyborg Pipenachho Quantum Future
0%
Gem ImMaxX1 Radiant Rift
0%
Halloween Robotic24 Retention Remaster
0%
Power DHaner Rush
0%
Treasure Asterna SEASIDE SHUFFLE
0%
Doom Nico99 Shrill Hallway
0%
Death Ferdefunky Shuriken
0%
Gem Vizitek Silhouette Garden
0%
Ice Chaos Skyward
0%
Power Thomartin Stylewave
0%
Spike f3lixsram Tenebris
0%
Christmas Knots Trainwreck
0%
Halloween RadiationV2 Tricky Treats
0%
Fantasy Unzor United
0%
Power R3XX3R Unnamed h
0%
Force RadiationV2 Uprising
0%
Gem Presta Venice
0%
Haunted KiziBro7 Vessel
0%
Fantasy AutoNick Voyage
0%
No matching quizzes found
Score Distribution
Percent of People with Each Score
Percentile by Number Answered
Your Score History
You have not taken this quiz